| 000 | 01045cab a2200229 4500 | ||
|---|---|---|---|
| 001 | X1745 | ||
| 008 | 090401t1994 xxu||||| |||| 00| 0 eng d | ||
| 035 | _a(Sirsi) u19000 | ||
| 041 | _aeng | ||
| 245 | _aMid-Glamorgan CC v OGWR BC and others | ||
| 260 | _c1994 | ||
| 350 | _a0 | ||
| 490 |
_aProperty and Compensation Reports _v(1994) 68 P&CR 1-13(14) |
||
| 520 | _aCA 26 October 1993. Commons - amendment of register to delete land - compulsory purchase - compensation agreed with committee of commoners - whether need for individual notices to treat - scheme abandoned before completion of conveyance - whether valid acquisition - defence of bona fide purchaser for value without notice - whether land remained common land as former manorial waste. | ||
| 650 | _aCOMMON LAND | ||
| 650 | _aCONVEYANCING | ||
| 650 | _aLAND REGISTER | ||
| 650 | _aMID-GLAMORGAN CC V OGWR BC AND OTHERS | ||
| 690 | _aENVIRONMENTAL AND LAND CONSULTANCY-PLANNING AND DEVELOPMENT-COMPULSORY PURCHASE AND COMPENSATION | ||
| 942 | _n0 | ||
| 948 | _c04/03/1997 | ||
| 999 |
_c12644 _d12644 |
||